Selembut hati Dilla

Bibliographic Details
Main Author: Darwis Harahap
Format: Book
Published: Kuala Lumpur : DBP , 1994
Subjects:

MARC

LEADER 00000cam a2200000 7i4500
001 0000006316
002 000006820
005 20000330.0
020 |a 9836241418 
090 0 0 |a F   |b DAR 
100 0 |a Darwis Harahap 
245 1 0 |a Selembut hati Dilla   |c Darwis Harahap 
260 |a Kuala Lumpur :   |b DBP ,   |c 1994 
300 |a 162p. ;   |c 18cm. 
650 0 0 |a Malay fiction 
999 |a 039301   |b BUKU   |c PINJAMAN   |e PERPUSTAKAAN KOMUNITI PETALING JAYA 
999 |a 039302   |b BUKU   |c PINJAMAN   |e PERPUSTAKAAN KOMUNITI PETALING JAYA